000 00622nam a22002291a 4500
001 753
003 OSt
005 20260204211707.0
008 040114s1997||||sp ||||||b||||||||||spa||
020 _a8471123843
050 _a379.92 L698f
082 _a379.92 L698f
100 _aListon, Daniel P.
245 _aFormación del profesorado y condiciones sociales de la escolarización / Daniel P. Liston Kenneth M. Zeichner
250 _a2
264 _aEspaña : Morata
300 _a279 p.
500 _aIncluye indice
650 _a1.Educación - Educación
700 _aKennth M. Zeichner IIÌ
942 _2ddc
_cBK
999 _c753
_d753